Le plus de main events à WWE NXT - Statistiques

Statistiques générales
  • Ce quiz a été pris 85 fois
  • Le résultat moyen est 9 sur 31
Statistiques - réponses
Place Catcheur NB % Correct
6 Adam Cole 33
85%
4 Johnny Gargano 34
82%
6 Tommaso Ciampa 33
75%
9 Finn Balor 32
74%
3 Sami Zayn 35
71%
20 Trick Williams 21
62%
20 Samoa Joe 21
58%
14 Bron Breakker 25
54%
18 Carmelo Hayes 22
54%
1 Roderick Strong 42
46%
14 Bo Dallas 25
38%
11 Kyle O'Reilly 29
35%
2 Neville 39
34%
9 Pete Dunne 32
32%
28 The Velveteen Dream 16
29%
23 Wes Lee 20
26%
25 Roxanne Perez 19
18%
28 Tyler Bate 16
15%
28 Matt Riddle 16
12%
13 Fandango 26
9%
16 Tyler Breeze 24
9%
11 EC3 29
6%
25 Corey Graves 19
5%
27 Darren Young 18
5%
17 Kassius Ohno 23
5%
4 Tyson Kidd 34
3%
18 Curtis Axel 22
2%
23 Konnor 20
2%
6 Titus O'Neil 33
2%
20 Justin Gabriel 21
0%
28 Lucky Cannon 16
0%
Aucun quiz correspondant
Distribution des résultats
% des personnes avec chaque résultat
Percentile par nombre de réponses
Votre historique - résultats
Vous n’avez pas pris ce quiz